000 00974nam a22002537a 4500
005 20170123164142.0
010 _aA-981461
020 _c125.00
035 _aA-981461
037 _bCen Lib / Ret
040 _aDPL
_bPN
082 _a
_b ਭੁੱਲਰ
100 _aਜਸਬੀਰ ਭੁੱਲਰ
_9117835
245 _aਚਾਬੀ ਵਾਲੇ ਖਿਡਾਉਣੇ /
_cਜਸਬੀਰ ਭੁੱਲਰ
246 _aChabi wale khidaune /
_b by by Jasbir Bhullar
260 _aਆੰਮ੍ਰਭਸਰ
_bਲੇਕ ਸਾਹਿਭ ਪ੍ਰਕਾਸ਼ਨ
_c1998
270 _aਗਹੀਨ ਐਵਨਿਊ ਆੰਮ੍ਰਭਸਰ
_bਆੰਮ੍ਰਭਸਰ
300 _a104p.
_c21cm(Hb)
650 _aਪੰਜਾਬੀ ਸਾਹਿਤ
_9117836
650 _aਪੰਜਾਬੀ ਸਾਹਿਤ- ਨਾਵਲ
_9117837
650 _aPunjabi Literature
_9781
650 _aPunjabi Literature-Novel
_91580
942 _2ddc
_cPN
_h
_m ਭੁੱਲਰ
999 _c109748
_d109748